000 01356cad a22002295a 4500
001 L149277
008 100216s2010 xxkad f s 000 0 eng d
035 _a(Sirsi) u149277
041 0 _aeng
050 0 4 _a333.6324 $2 18
110 2 _aGVA Grimley
_93646
245 0 0 _aUK economic property and market review
_bQ1 2010
_h[electronic resource]
260 _aLondon
_bGVA Grimley
_c2010
490 0 _aGVA Grimley Economic and Property Market Review UK
_vFirst Quarter 2010
520 _aEconomic growth in Q4 2009 was a provisional +0.1% showing little real improvement from the -0.2% achieved in Q3. Output declined by 3.3% over the last 12 months and by 6% during the recession. The occupier market is now past the lowest point in the cycle but demand will improve only gradually and the fall in average UK rental values is not likely to reverse until 2012.The supply/demand imbalance for good quality investment opportunities has continued to exert downward pressure on yields and a strong double-digit return for 2010 is expected.
590 _aKA NTK
650 2 4 _aGVA GRIMLEY ECONOMIC AND PROPERTY MARKET REVIEW UK
651 4 _aUnited Kingdom
_y
690 _aPROPERTY-COMMERCIAL PROPERTY-COMMERCIAL PROPERTY MARKET
856 4 0 _uhttps://www.gvagrimley.co.uk/x4190.xml
_zView this report free of charge at www.gvagrimley.co.uk...
942 _n0
999 _c110454
_d110454